000 00643nam a22002417a 4500
003 UA-OsUOA
001 86391
007 ta
008 20120831b un ||||| |||| 00| 0 ukr d
100 _aБродский Р. М.
700 _aКрасивский О. Я.
090 _a94(438)
_bБ88
942 _cBK
040 _aUA-OsUOA
_brus
_cUA-OsUOA
_dUA-OsUOA
245 _aИстинное лицо сионизма
300 _a93 с.
955 _a4
041 _arus
080 _a94(438)
260 _aЛьвов
_bКаменяр
_c1983
650 7 _a9 Географія. Біографії. Історія
_2UDC
999 _c373235
_d373235